Los Antiguos Egipcios.

La Media luna fértil. El Nilo: influencia sobre el pueblo egipcio. Culto a los muertos: pirámides (construcción). Arquitectura en general (obeliscos). Organización política: monarquía. Conquista griega.

Guardado en:
Formato: Deslizar
Series:La Tradición de Occidente
Materias:
Etiquetas: Agregar Etiqueta
Sin Etiquetas, Sea el primero en etiquetar este registro!
LEADER 01037ngm a22002895g 4500
001 CEM.cems021622
008 130507b1992##################0###0#####d
005 20240830163737.0
245 0 0 |a Los Antiguos Egipcios. 
300 |a 27 
490 0 |a La Tradición de Occidente 
500 |a En soporte VHS, consultar en ventanilla. 
538 |a Soporte: VHS - Norma: Pal N - Color - Grabación DRD 1992 - Hitachi=4880 
520 |a La Media luna fértil. El Nilo: influencia sobre el pueblo egipcio. Culto a los muertos: pirámides (construcción). Arquitectura en general (obeliscos). Organización política: monarquía. Conquista griega. 
082 5 7 |. 7/HUE-2 
653 |a EGIPTO 
653 |a RIO NILO 
653 |a AFRICA 
653 |a ARQUITECTURA 
653 |a AFRICA-HISTORIA 
653 |a AFRICA-SOCIOLOGIA 
653 |a AFRICA-GEOGRAFIA HUMANA 
653 |a PIRAMIDES 
653 |a OBELISCOS 
653 |a NILO 
653 |a NIVEL SECUNDARIO 
859 |a CEMS  |b BIB. CEMS - Depto. Recursos Didacticos  |h 572.7  |i HUE-2  |k DRD  |p 265.12  |t Ej.1